Statistics for Name a Valid English City

Click here to take the quiz!

General Stats

  • This quiz has been taken 9,709 times
    (9,656 since last reset)
  • The average score is 9 of 17

Answer Stats

Name an English city that: Valid answers % Correct
Ends in CHESTERChester | Chichester | Manchester | Winchester
96%
Is ranked in the top 5 most dangerous cities to live
(2018 poll, Crime+Investigation)
Birmingham | Leicester | London | Manchester | Sheffield
91%
Begins with PPeterborough | Plymouth | Portsmouth | Preston
89%
Has a coastlineBrighton & Hove | Bristol | Kingston-upon-Hull | Liverpool |
Plymouth | Portsmouth | Southampton | Sunderland
84%
Has hosted the Commonwealth GamesLondon | Manchester
82%
Ends in SLeeds | St Albans | Wells
71%
Has a population greater than 150,000 but has never
had a football club compete in the Premier League
Bristol | Chelmsford | Oxford | Peterborough |
Plymouth | Salford | Wakefield | Westminster | York
59%
Is East of LondonCambridge | Canterbury | Chelmsford | Ely | Norwich
56%
Is north of London, but south of CambridgeChelmsford | Gloucester | Hereford | Oxford |
St Albans | Worcester
53%
Is in a county that borders WalesChester | Gloucester | Hereford
49%
Has been a city since "time immemorial",
other than London
Canterbury | Durham | Exeter | Hereford |
Lichfield | Wells | Winchester | Worcester | York
45%
Is in a county that borders ScotlandCarlisle
36%
On the River SevernGloucester | Worcester
26%
Has a population of below 20,000City of London | Ripon | Truro | Wells
25%
Was granted city status post-1999Brighton & Hove | Chelmsford | Preston | Wolverhampton
20%
Has a population of below 150,000 but does
not have a cathedral
Cambridge | Lancaster | Preston
18%
Does not have a mainline railway stationRipon | Wells
17%

Score Distribution

Percentile by Number Answered

Percent of People with Each Score

Your Score History

You have not taken this quiz since the last reset